| 000 | 00893nam a2200265Ia 4500 | ||
|---|---|---|---|
| 003 | OSt | ||
| 005 | 20221007121017.0 | ||
| 006 | a|||||r|||| 00| 0 | ||
| 007 | ta | ||
| 008 | 221006b |||||||| |||| 00| 0 eng d | ||
| 020 | _a8185038902 (hbd) | ||
| 024 | _a85112 | ||
| 037 | _cTextbook | ||
| 040 |
_aBDL _cBDL _beng |
||
| 041 |
_2eng _aeng |
||
| 082 | _aU671.2k, N0.2B Carb | ||
| 100 | _aNational Institute of Science Communication and Information Resources | ||
| 245 | 0 | _aWealth of India:a dictionary of Indian materials and industrial products | |
| 260 |
_aNew _bDelhi NISCAIR _c1990 |
||
| 490 | _vV.2B. | ||
| 500 | _aIncludes bibliographical references.; Index 1-47p. | ||
| 650 |
_aBirds _9180529 |
||
| 942 |
_hU671.2k, N0.2B Carb _cTB _2CC |
||
| 999 |
_c1208310 _d1208310 |
||